| 000 | 01368cam a22003857a 4500 | ||
|---|---|---|---|
| 003 | CHAP | ||
| 005 | 20220329141527.0 | ||
| 008 | 971013s1991 r 00010 d | ||
| 010 | _a69603 | ||
| 011 | _a70575 | ||
| 035 | _a80056 | ||
| 040 | _cCHAP | ||
| 090 | _aTesis | ||
| 100 | 0 | 0 |
_aTovar Gutiérrez, Margarita. _9114401 |
| 245 | 0 | _aPotencial productivo de sorgo perenne (Sorghum almum) en tepetate bajo diferentes dosis de fertilización nitrogenada y fosforada | |
| 260 |
_aChapingo, Méx. : _bEl autor, _c1991 |
||
| 300 | _a61 h. | ||
| 502 | _aTesis (Ing. Agr. Esp. en Zootecnia) -- UACH. Departamento de Zootecnia | ||
| 590 |
_aALEPH _b10 _c20130110 _lUCH01 _h1408 |
||
| 590 |
_aBATCH-UPD _b10 _c20130110 _lUCH01 _h0011 |
||
| 590 |
_aBATCH-UPD _b10 _c20130110 _lUCH01 _h1244 |
||
| 590 |
_aBATCH-UPD _b10 _c20130409 _lUCH01 _h1948 |
||
| 590 |
_aBATCH-UPD _b10 _c20130410 _lUCH01 _h0808 |
||
| 590 |
_aBATCH-UPD _b10 _c20130914 _lUCH01 _h1426 |
||
| 590 |
_aCONVERSION _b10 _c20130109 _lUCH01 _h1338 |
||
| 650 | 1 | 4 |
_aFósforo _xEfecto en sorgo. _942254 |
| 650 | 1 | 4 |
_aNitrógeno _xEfecto en sorgo. _981461 |
| 650 | 1 | 4 |
_aSorgo como forraje. _9108743 |
| 650 | 1 | 4 |
_aSorgo _xRendimiento. _9108714 |
| 650 | 1 | 4 |
_aTepetates. _9112332 |
| 901 | _aBK | ||
| 942 | _cFOLL | ||
| 949 |
_bBC _cTES _d-32952 _eTS1 _h25029 _i80056 _si |
||
| 949 |
_bBC _cTES _d-97370 _eTS2 _fc.3 _h25030 _i80056 _si |
||
| 999 |
_c69603 _d69603 |
||